| 000 | 00521nam a22001937a 4500 | ||
|---|---|---|---|
| 003 | OSt | ||
| 005 | 20140310182021.0 | ||
| 008 | 130731t xxu||||| |||| 00| 0 eng d | ||
| 016 | _2978021694315 | ||
| 020 | _a0521694310 | ||
| 050 |
_aQA 36.5 _b.F771 2006 |
||
| 082 |
_aTR 510 _bSm7 2006 |
||
| 245 |
_aFoundation 1 : _bfor AQA, Edexcel and OCR two-tier GCSE mathematics / |
||
| 300 |
_a342 p. _bcol. : ill. ; _c25 cm. |
||
| 541 | _j1 | ||
| 562 | _e1 | ||
| 650 |
_aMathematics. _9210 |
||
| 942 |
_2lcc _cBK-TR _kTR |
||
| 999 |
_c8349 _d8349 |
||